Fearless Album - Statistics

General Stats
  • This quiz has been taken 494 times
  • The average score is 12 of 19
Answer Stats
# Tracks % Correct
1 Fearless
98%
3 Love Story
90%
2 Fifteen
88%
5 White Horse
88%
6 You Belong With Me
87%
4 Hey Stephen
76%
10 The Way I Loved You
72%
7 Breathe
69%
11 Forever & Always
69%
14 Jump Then Fall
61%
12 The Best Day
60%
19 The Other Side Of The Door
59%
13 Change
58%
9 You're Not Sorry
55%
8 Tell Me Why
50%
15 Untouchable
48%
17 Come In With The Rain
47%
18 SuperStar
41%
16 Forever & Always (Piano Version)
25%
No matching quizzes found
Score Distribution
Percent of People with Each Score
Percentile by Number Answered
Your Score History
You have not taken this quiz